Open Data Biblioteca Nacional de Portugal


República Portuguesa: Ministério da Cultura
Biblioteca Nacional de Portugal

Catálogo da BNP: acesso por Identificadores Unívocos
Registos Bibliográficos associados ao registo de autoridade

Etiqueta de registo: 00782cas 022002531 04500
001 110298
003 http://id.bnportugal.gov.pt/bib/catbnp/110298
005 19981120142100.0
095 ## $aPTBN00114551
100 ## $a19770301c1976 m y0pora0103 ba
101 0# $apor
102 ## $aPT
200 1# $aResistência popular$ejornal da F. E. R. P.$fFrente Eleitoral de Resistência Popular$gdir. António Proença
207 #0 $aA. 1, nº 1 (16 Out. 1976)-
210 #9 $aLisboa$cF.E.R.P.,$d1976-
215 ## $d43 cm
606 ## $2SIPOR$330566
675 ## $a329(05)$vmed$zpor$3289194
702 #1 $aProença,$bAntónio$4300$3250861
712 02 $aFrente Eleitoral de Resistência Popular$4650$3328850
801 #0 $aPT$bBN$gRPC
966 ## $lBN$mFGJOR$sJ. 3722 V.
998 ## $aCR417 - 00280

Etiqueta de registo: 00000nkm 2200025 450
001 2278358
003 http://id.bnportugal.gov.pt/bib/catbnp/2278358
100 ## $a20260309f1974 m y0pory01030103ba
101 0# $apor
102 ## $aPT
200 1# $aFrente Eleitoral da Resistência Popular (anti-social-fascista e anti-fascista), Anula o Voto Escreve FERP$bVisual gráfico]
210 #9 $a[S.l.]$cFrente Eleitoral da Resistência Popular,$d[posterior a 1974]
215 ## $a1 cartaz$ccolor.$d98x68 cm
317 ## $aColeção Madeira Luís
710 02 $aFrente Eleitoral de Resistência Popular$3328850
801 #0 $aPT$bBN$gRPC
966 ## $lBN$mICONOG$sCT. 7890 R.$x3
971 ## $cCaticonografia8$d20260309
995 ## $aPRR2026

Etiqueta de registo: 00000nkm 2200025 450
001 2278560
003 http://id.bnportugal.gov.pt/bib/catbnp/2278560
100 ## $a20260310f1974 m y0pory01030103ba
101 0# $apor
102 ## $aPT
200 1# $aFERP$bVisual gráfico]
210 #9 $a[S.l.]$cFERP,$d[posterior a 1974]
215 ## $a1 cartaz$ccolor.$d51,5x53,6 cm
306 ## $aDatação em conformidade com as características formais do documento
317 ## $aColeção Madeira Luís
710 02 $aFrente Eleitoral de Resistência Popular$3328850
801 #0 $aPT$bBN$gRPC
830 ## $aCartaz Manufaturado
966 ## $lBN$mICONOG$sCT. 7813 R.$x3
971 ## $cCaticonografia8$d20260310
995 ## $aPRR2026

OpendataBNP@bnportugal.pt | Mais informação sobre acesso aos dados BNP